Vista normal
Vista MARC
- Asociación Española de Logopedia, Foniatría y Audiología.
Entrada Nombre corporativo
Número de registros utilizados en: 1
001 - NÚMERO DE CONTROL
- campo de control: 1795
003 - IDENTIFICADOR DEL NÚMERO DE CONTROL
- campo de control: ES-MaFIAP
005 - FECHA Y HORA DE LA ÚLTIMA TRANSACCIÓN
- campo de control: 20231128100745.0
008 - DATOS DE LONGITUD FIJA
- campo de control de longitud fija: 231128|| aca||aabn | a|a d
040 ## - FUENTE DE LA CATALOGACIÓN
- Centro catalogador/agencia de origen: ES-MaFIAP
- Centro/agencia transcriptor: ES-MaFIAP
110 ## - ENCABEZAMIENTO-NOMBRE DE ENTIDAD CORPORATIVA
- Nombre de entidad corporativa o nombre de jurisdicción como elemento de entrada: Asociación Española de Logopedia, Foniatría y Audiología.
- Unidad subordinada: Congreso (
- Número del congreso/reunión o número de parte o sección: 16.
- Fecha del congreso o de la firma del tratado: 1990.
- Sede del congreso/Lugar de la reunión: Salamanca)
670 ## - FUENTE DE DATOS ENCONTRADOS
- Cita de la fuente: Work cat.: (ES-MaFIAP)663: Asociación Española de Logopedia, Foniatría y Audiología. Congreso ( 16. 1990. Salamanca), Ponencias y comunicaciones del "16 Congreso Nacional de AELFA" : , 1990





